000 00710nam a2200193Ii 4500
003 JO-AjNU
008 230605s9999||||xx |||||||||||||| ||und||
040 _aJO-AjNU
_bara
_erda
_cJO-AjNU
041 _aara
050 1 4 _aGV706.8.S4 1982
100 3 _aشلتوت، السيد حسين، م.مشارك معوض، حسن سيد,
_eauthor
_948900
245 0 0 _aالادارة والتنظيم في التربية الرياضية
264 3 1 _aالقاهرة: دار المعارف، 1982
300 _a372ص
336 _atext
_btxt
_2rdacontent
337 _aunmediated
_bn
_2rdamedia
338 _avolume
_bnc
_2rdacarrier
650 4 _aالتنظيم والادارة- التربية الرياضية
_948901
999 _aA21445
_c25013
_d25013